Дело о жестоком обращении скопца Позднякова с женой своей Настасьей и о не высылке ей на содержание денег

Доступно только в Электронных читальных залах Найти на картеНа карте
RUSMARC
00004206nmc2a22000003x 450
0019fd61d69-b554-4c3f-bfd7-61e82156a617
00520180403110645.0
100##$a20160203l18411845k l0rusy0189 ca
1010#$arus
102##$aRU
2001#$aДело о жестоком обращении скопца Позднякова с женой своей Настасьей и о не высылке ей на содержание денег
$j21 августа 1841 г. - 8 октября 1845 г.
251##$cДело
300##$aДело
300##$aОриг. заголовок дела: Дело по прошению купеческой жены Настасьи Поздняковой, жалующейся на жестокое обращение с ней мужа её скопца Ивана Позднякова. 21 августа 1841 г. - 8 октября 1845 г
801#0$aRU
$bРГИА
$c20160203
$gRCR
801#1$aRU
$bГлавНИВЦ
$c20160203
$2rusmarc
801#2$aRU
$bПБ им. Б.Н. Ельцина
$c20180403
$gRCR
$2rusmarc
850##$aРГИА
852##$aРГИА
$eФедеральное казенное учреждение "Российский государственный исторический архив" (РГИА)
$j712
937##$hРГИА
$d12192247
$aASBIBLIO_SCAN
462#0$1001d84ca311-0ff2-4bc1-993d-58ba7069b925
$12001
$a1841-1843 гг. Дела Департамента полиции исполнительной МВД за 1841 г.
$1251
$cОпись
$1852
$j8
461#0$10013e300ed0-cd39-49af-8489-5ba5b90fa401
$12001
$aДепартамент полиции исполнительной МВД
$1251
$cФонд
$1852
$j1286
215##$a98 л.
$d36,5х26 см
371##$aДокумент не является опубликованным и широко распространяемым
105##$ay###
1222#$ad
5171#$aДело по прошению купеческой жены Настасьи Поздняковой, жалующейся на жестокое обращение с ней мужа её скопца Ивана Позднякова. 21 августа 1841 г. - 8 октября 1845 г
035##$a9fd61d69-b554-4c3f-bfd7-61e82156a617
856##$uhttp://readingroom.main.prlib.ru/item.aspx?id_node=n114391808&mode=full
Формат отображения